Quick Pick: Football Regions Quiz Stats

 Plays Quiz Updated Aug 31, 2017

Score 0/7 Timer 00:30
3 Plays Today
% Correct
FIFA
90.4%
UEFA
83.3%
OFC
73.1%
AFC
71.6%
CONCACAF
70%
CONMEBOL
60.6%
CAF
55.6%

Today's Daily Dose

Missing Word
Arizona A-Z

Word Ladder
Greek Letters II

Get the Picture
US National Parks

You're not logged in!

Compare scores with friends on all Sporcle quizzes.
OR
Log In

You Might Also Like...

Show Comments

Extras

Top Quizzes Today


Score Distribution

Your Account Isn't Verified!

In order to create a playlist on Sporcle, you need to verify the email address you used during registration. Go to your Sporcle Settings to finish the process.

Report this User

Report this user for behavior that violates our Community Guidelines.

Details: